000 00771nam a22002057a 4500
999 _c10529
_d10529
003 AR-CdUCM
008 190401b ||||| |||| 00| 0 spa d
040 _aMUNICIPALIDAD PROVINCIAL DEL CUSCO
_cBIBLIOTECA MUNICIPAL DEL CUSCO
082 _a345.707 /
_bL21 / 1878
100 _aDe la lama, Miguel Antonio
_927452
245 _aElementos de teoria del Enjuiciamiento y Practica Forense Peruana :
_bcon un formulario lacónico y completo /
260 _aLima :
_bImprenta del estado Calle de la rifa,
_c1878.
300 _a209 paginas ;
_c17 cm.
505 _aContenido: Division de los tramites -- Juicio -- Notificaciones -- Sentencias...
650 _aJuicios
_97111
650 _aSentencias
_922509
650 _aLeyes
_94808
942 _2ddc
_cLIBROS
945 _apjha